[Event "GBR-ch111 Over 65"]
[Site "Liverpool"]
[Date "2025.08.10"]
[Round "7.30"]
[White "Sage, Geoffrey W"]
[Black "O'Mahoney, Mike J"]
[Result "1-0"]
[WhiteElo "1960"]
[BlackElo "1780"]
[PlyCount "103"]
[EventDate "2025.08.04"]
[EventType "swiss"]
[EventRounds "7"]
[EventCountry "GBR"]
[SourceTitle "BritBase"]
[Source "John Saunders"]
[SourceDate "2025.08.11"]
[SourceVersion "1"]
[SourceVersionDate "2025.08.11"]
[SourceQuality "1"]

1. e4 e6 2. d4 d5 3. Nd2 Nf6 4. e5 Nfd7 5. f4 c5 6. c3 Nc6 7. Ndf3 Be7 8. Bd3 g6 9. Ne2 a6 10. a3 cxd4 11. cxd4 Nb6 12. O-O Na5 13. Kh1 Bd7 14. b3 Rc8 15. Bd2 Na8 16. Bxa5 Qxa5 17. b4 Qa4 18. Qb1 Nb6 19. Rc1 Nc4 20. Nc3 Qc6 21. a4 b5 22. axb5 axb5 23. Ra2 O-O 24. g4 f5 25. gxf5 exf5 26. Rg2 Kh8 27. Ne2 Qb6 28. Nc3 Qc6 29. Re2 Be6 30. h4 Rf7 31. Rh2 Rg8 32. Ng5 Bxg5 33. hxg5 Qb6 34. Ne2 Ra8 35. Rc3 Rfa7 36. Qf1 Ra1 37. Rc1 Rxc1 38. Qxc1 Ra2 39. Qf1 Qa7 40. Qh3 Rd2 41. Qh6 Rxd3 42. Qxg6 Qf7 43. Qh6 Rd1+ 44. Ng1 Ne3 45. g6 Qg7 46. Qg5 Bg8 47. e6 Rxd4 48. Nf3 Re4 49. Ne5 Rxe5 50. fxe5 Qxe5 51. e7 d4 52. e8=Q 1-0

[Event "GBR-ch111 Over 65"]
[Site "Liverpool"]
[Date "2025.08.10"]
[Round "7.31"]
[White "Walkowiak, Adam"]
[Black "Phillips, William"]
[Result "1/2-1/2"]
[WhiteElo "1657"]
[BlackElo "1832"]
[PlyCount "26"]
[EventDate "2025.08.04"]
[EventType "swiss"]
[EventRounds "7"]
[EventCountry "GBR"]
[SourceTitle "BritBase"]
[Source "John Saunders"]
[SourceDate "2025.08.11"]
[SourceVersion "1"]
[SourceVersionDate "2025.08.11"]
[SourceQuality "1"]

1. d4 Nf6 2. c4 g6 3. Nc3 Bg7 4. e4 d6 5. Be2 O-O 6. Bg5 e5 7. d5 Na6 8. h4 h6 9. Be3 Nc5 10. f3 a5 11. b3 Nh5 12. Bf2 f5 13. Qc2 f4 1/2-1/2

[Event "GBR-ch111 Over 65"]
[Site "Liverpool"]
[Date "2025.08.10"]
[Round "7.32"]
[White "Robinson, David"]
[Black "Dennis, Nigel W"]
[Result "1/2-1/2"]
[WhiteElo "1784"]
[BlackElo "1824"]
[PlyCount "96"]
[EventDate "2025.08.04"]
[EventType "swiss"]
[EventRounds "7"]
[EventCountry "GBR"]
[SourceTitle "BritBase"]
[Source "John Saunders"]
[SourceDate "2025.08.11"]
[SourceVersion "1"]
[SourceVersionDate "2025.08.11"]
[SourceQuality "1"]

1. e4 c5 2. d3 Nc6 3. Nc3 Nf6 4. g3 d5 5. exd5 Nxd5 6. Bd2 Be6 7. Bg2 g6 8. Nf3 Bg7 9. a3 O-O 10. Rb1 Qd7 11. h4 Bg4 12. Ne2 Qf5 13. Nh2 Bxe2 14. Qxe2 Nd4 15. Qd1 Qe6+ 16. Kf1 Rad8 17. Nf3 b6 18. Nxd4 Bxd4 19. Qe2 Qxe2+ 20. Kxe2 Nc7 21. Bh6 Bg7 22. Bg5 h6 23. Be3 Ne6 24. c3 Rd6 25. Rbd1 Rfd8 26. Rd2 Nc7 27. Rhd1 Nd5 28. Bxd5 Rxd5 29. d4 cxd4 30. Bxd4 Bxd4 31. Rxd4 Rxd4 32. Rxd4 Rxd4 33. cxd4 Kf8 34. Kd3 e6 35. Kc4 a6 36. a4 Ke7 37. a5 Kd6 38. axb6 Kc6 39. b7 Kxb7 40. Kc5 Kc7 41. f4 h5 42. b3 f6 43. b4 f5 44. d5 exd5 45. Kxd5 Kb6 46. Kd4 Kb5 47. Kc3 Kb6 48. Kd4 Kb5 1/2-1/2

[Event "GBR-ch111 Over 65"]
[Site "Liverpool"]
[Date "2025.08.10"]
[Round "7.33"]
[White "Barnes, David"]
[Black "Erdogan, Hassan"]
[Result "0-1"]
[WhiteElo "1758"]
[BlackElo "1792"]
[PlyCount "70"]
[EventDate "2025.08.04"]
[EventType "swiss"]
[EventRounds "7"]
[EventCountry "GBR"]
[SourceTitle "BritBase"]
[Source "John Saunders"]
[SourceDate "2025.08.11"]
[SourceVersion "1"]
[SourceVersionDate "2025.08.11"]
[SourceQuality "1"]

1. e4 d6 2. Nf3 e5 3. Nc3 c6 4. d4 Nd7 5. Bc4 Be7 6. Be3 Ngf6 7. h3 O-O 8. Qd2 Qc7 9. g4 b5 10. Bd3 Re8 11. Ne2 a6 12. Ng3 d5 13. O-O-O dxe4 14. Nxe4 Nxe4 15. Bxe4 Nf6 16. Bf5 Bxf5 17. gxf5 exd4 18. Bxd4 Rad8 19. Qg5 h6 20. Qg2 Qf4+ 21. Be3 Qxf5 22. Bxh6 g6 23. Nd4 Qh5 24. Bg5 c5 25. Nc6 Rxd1+ 26. Rxd1 Kg7 27. Nxe7 Rxe7 28. h4 Qe2 29. h5 Qxh5 30. Rh1 Qe2 31. Bh6+ Kg8 32. Qa8+ Re8 33. Qxa6 Ng4 34. Be3 Nxe3 35. Qf6 Qxc2# 0-1

[Event "GBR-ch111 Over 65"]
[Site "Liverpool"]
[Date "2025.08.10"]
[Round "7.34"]
[White "Hawkins, James N"]
[Black "Tidmarsh, David A"]
[Result "1/2-1/2"]
[WhiteElo "1908"]
[BlackElo "1776"]
[PlyCount "83"]
[EventDate "2025.08.04"]
[EventType "swiss"]
[EventRounds "7"]
[EventCountry "GBR"]
[SourceTitle "BritBase"]
[Source "John Saunders"]
[SourceDate "2025.08.11"]
[SourceVersion "1"]
[SourceVersionDate "2025.08.11"]
[SourceQuality "1"]

1. e4 e5 2. Nf3 Nf6 3. Nc3 Bb4 4. Bc4 d6 5. d3 h6 6. a3 Bc5 7. Na4 Bb6 8. Nxb6 axb6 9. h3 O-O 10. O-O Re8 11. Re1 Be6 12. Bxe6 Rxe6 13. c4 Nbd7 14. b4 c5 15. b5 Qc7 16. Nh4 Kh7 17. Nf5 Ng8 18. Kh1 Rf8 19. Qd2 Qd8 20. Re3 g6 21. Ng3 Qe7 22. Rf3 Rf6 23. Rxf6 Ndxf6 24. Bb2 Nd7 25. Rf1 Qg5 26. Qxg5 hxg5 27. f3 f6 28. Ne2 Nh6 29. Kg1 Nf7 30. Nc3 Nd8 31. g3 Ne6 32. Nd5 Kg7 33. Ra1 Rc8 34. Kg2 Nc7 35. Ne3 Ra8 36. Nc2 Ne6 37. Rf1 Nd4 38. Rc1 Nb3 39. Rd1 Nd4 40. Ne3 Ne6 41. Rf1 Rc8 42. Ra1 1/2-1/2

[Event "GBR-ch111 Over 65"]
[Site "Liverpool"]
[Date "2025.08.10"]
[Round "7.35"]
[White "Clissold, Julian C"]
[Black "Stephens, Ian Paul"]
[Result "1/2-1/2"]
[WhiteElo "1654"]
[BlackElo "1877"]
[PlyCount "91"]
[EventDate "2025.08.04"]
[EventType "swiss"]
[EventRounds "7"]
[EventCountry "GBR"]
[SourceTitle "BritBase"]
[Source "John Saunders"]
[SourceDate "2025.08.11"]
[SourceVersion "1"]
[SourceVersionDate "2025.08.11"]
[SourceQuality "1"]

1. d4 d5 2. c4 c6 3. Nc3 Nf6 4. Nf3 e6 5. e3 Be7 6. Bd3 a6 7. a4 b6 8. O-O Bb7 9. Re1 Nbd7 10. Qc2 dxc4 11. Bxc4 Nd5 12. e4 Nb4 13. Qb3 b5 14. Be2 O-O 15. axb5 axb5 16. Rxa8 Qxa8 17. Bd2 Na6 18. e5 Nc7 19. Ne4 Nd5 20. Qc2 Bb4 21. Bxb4 Nxb4 22. Qb3 Nd5 23. Nd6 N7b6 24. Nd2 Bc8 25. N2e4 Bd7 26. Qg3 Kh8 27. Ng5 Be8 28. Bd3 h6 29. Ngxf7+ Bxf7 30. Nxf7+ Rxf7 31. Qg6 Qg8 32. Qxe6 Nf4 33. Qb3 Nxd3 34. Qxd3 Nd5 35. Qc2 Qe8 36. Rc1 Rc7 37. Qe4 Qe7 38. f4 Kg8 39. f5 Qg5 40. Rxc6 Kh8 41. Qxd5 Qe3+ 42. Kf1 Qd3+ 43. Ke1 Qe3+ 44. Kd1 Rxc6 45. Qc5 Rc7 46. Qc6 1/2-1/2

[Event "GBR-ch111 Over 65"]
[Site "Liverpool"]
[Date "2025.08.10"]
[Round "7.36"]
[White "Mak, Janos"]
[Black "Hall, Alan A"]
[Result "1/2-1/2"]
[WhiteElo "1804"]
[BlackElo "1824"]
[PlyCount "70"]
[EventDate "2025.08.04"]
[EventType "swiss"]
[EventRounds "7"]
[EventCountry "GBR"]
[SourceTitle "BritBase"]
[Source "John Saunders"]
[SourceDate "2025.08.11"]
[SourceVersion "1"]
[SourceVersionDate "2025.08.11"]
[SourceQuality "1"]

1. e4 e5 2. Nf3 Nf6 3. Nxe5 d6 4. Nf3 Nxe4 5. Bd3 Nc5 6. Be2 Be7 7. O-O O-O 8. d4 Ne6 9. d5 Nc5 10. c4 Bf6 11. Qc2 Nbd7 12. Be3 Re8 13. Bd4 a5 14. Nc3 Bxd4 15. Nxd4 Ne5 16. Qd1 Ng6 17. f4 f6 18. Bh5 Re7 19. f5 Ne5 20. b3 Bd7 21. Ne6 Nxe6 22. fxe6 Be8 23. Ne4 Bxh5 24. Qxh5 Qe8 25. Qh4 Ng6 26. Qh3 Kh8 27. Ng3 Qd8 28. Rf5 c6 29. Rh5 cxd5 30. Rxh7+ Kg8 31. cxd5 Qb6+ 32. Kh1 Qd4 33. Rf1 Qd3 34. Kg1 Qd4+ 35. Kh1 Qd3 1/2-1/2